[Event "SR 3. liga A2 2012/2013"]
[Site "?"]
[Date "2012.10.21"]
[Round "2.1"]
[White "Diviak, Rudolf"]
[Black "Liptak, Tomas"]
[Result "0-1"]
[WhiteElo "1852"]
[BlackElo "2082"]
[PlyCount "82"]
[EventDate "2012.??.??"]

1. b4 e5 2. Bb2 d6 3. e3 f5 4. b5 Nf6 5. c4 g6 6. Nc3 Bg7 7. Be2 O-O 8. h4 h6
9. Qc2 Nh7 10. Bf3 e4 11. Be2 Nd7 12. d4 exd3 13. Bxd3 Ne5 14. Be2 c6 15. Nf3
Be6 16. Nxe5 Bxe5 17. Rd1 Qc7 18. O-O Rac8 19. Rd2 Rfd8 20. Rfd1 Qe7 21. g3 g5
22. f4 Bg7 23. hxg5 hxg5 24. Ba3 Qf6 25. Rxd6 Rxd6 26. Rxd6 Bf8 27. bxc6 bxc6
28. c5 Bxd6 29. cxd6 gxf4 30. exf4 Qd4+ 31. Kg2 Nf6 32. Qd3 Qxd3 33. Bxd3 Nd7
34. Nd1 c5 35. Ne3 c4 36. Bc2 Rc6 37. Ba4 Ra6 38. Bxd7 Bxd7 39. Bc1 Rxa2+ 40.
Kh3 c3 41. Nd5 Kf7 0-1

[Event "SR 3. liga A2 2012/2013"]
[Site "?"]
[Date "2012.10.21"]
[Round "2.1"]
[White "Liptak, Dusan"]
[Black "Skapik, Branislav"]
[Result "1-0"]
[WhiteElo "2060"]
[BlackElo "1857"]
[PlyCount "73"]
[EventDate "2012.??.??"]

1. Nf3 d5 2. g3 Nf6 3. Bg2 g6 4. O-O Bg7 5. d3 O-O 6. Nbd2 Nc6 7. c4 e6 8. Rb1
Qe7 9. Ne1 Rd8 10. a3 Rb8 11. b4 a6 12. Nc2 Ne5 13. Bb2 Ned7 14. Ne3 c6 15. a4
b5 16. axb5 axb5 17. c5 e5 18. Ra1 Bb7 19. Nb3 d4 20. Nc2 Nd5 21. Ra7 N7f6 22.
Na5 Rd7 23. Bh3 Rc7 24. Qa1 Ne8 25. Qa2 Ba8 26. Ra6 Bb7 27. Nxb7 Rbxb7 28. Ra1
f5 29. e4 dxe3 30. Nxe3 Nef6 31. Bg2 e4 32. dxe4 fxe4 33. Bxf6 Bxf6 34. Nxd5
cxd5 35. Qxd5+ Kg7 36. Re1 Rd7 37. Rd6 1-0

[Event "SR 3. liga A2 2012/2013"]
[Site "?"]
[Date "2012.10.21"]
[Round "2.1"]
[White "Pericka, Pavol"]
[Black "Sarmir, Milos"]
[Result "0-1"]
[WhiteElo "1821"]
[BlackElo "2067"]
[PlyCount "66"]
[EventDate "2012.??.??"]

1. e4 c6 2. d4 d6 3. Bc4 d5 4. exd5 cxd5 5. Bd3 Nc6 6. c3 g6 7. Nf3 Bg7 8. Bg5
Nf6 9. Nbd2 h6 10. Bf4 g5 11. Bg3 Nh5 12. Be5 Nxe5 13. Nxe5 Nf4 14. Bb5+ Kf8
15. Qf3 Bxe5 16. dxe5 Qb6 17. Ba4 Qxb2 18. Rb1 Qxa2 19. Bb3 Qa6 20. c4 Bf5 21.
O-O Bxb1 22. Rxb1 Qa5 23. Rd1 dxc4 24. Nxc4 Qc3 25. Qxb7 Kg7 26. Nd6 Qxe5 27.
Nxf7 Rhb8 28. Qxa8 Qb5 29. Bc4 Qa4 30. Qf3 Qxc4 31. Ne5 Qc2 32. g3 Rb3 33. Rd2
Rb1+ 0-1

[Event "SR 3. liga A2 2012/2013"]
[Site "?"]
[Date "2012.10.21"]
[Round "2.1"]
[White "Vagovsky, Jozef"]
[Black "Ocko, Martin"]
[Result "0-1"]
[WhiteElo "1971"]
[BlackElo "1661"]
[PlyCount "58"]
[EventDate "2012.??.??"]

1. d4 Nf6 2. Nf3 g6 3. c4 Bg7 4. g3 O-O 5. Bg2 c5 6. Nc3 cxd4 7. Nxd4 Nc6 8.
Nc2 d6 9. O-O Ne5 10. Ne3 a6 11. h3 Rb8 12. f4 Ned7 13. Bd2 b5 14. cxb5 axb5
15. Qc2 b4 16. Ncd5 Nxd5 17. Nxd5 Ba6 18. Bf3 Bd4+ 19. Kg2 Bc5 20. Qe4 e6 21.
Nxb4 d5 22. Nxd5 exd5 23. Qxd5 Rxb2 24. Rfb1 Bb7 25. Qd3 Bxf3+ 26. exf3 Rxb1
27. Rxb1 Nb6 28. Qc2 Qd4 29. Ba5 Nc4 0-1

[Event "SR 3. liga A2 2012/2013"]
[Site "?"]
[Date "2012.10.21"]
[Round "2.1"]
[White "Pipiska, Adam"]
[Black "Vlkovic, Pavol"]
[Result "1-0"]
[WhiteElo "1674"]
[BlackElo "1801"]
[PlyCount "113"]
[EventDate "2012.??.??"]

1. e4 Nf6 2. e5 Nd5 3. c4 Nb6 4. d4 d6 5. Nf3 Bg4 6. Be2 Nc6 7. Be3 e6 8. Nbd2
Be7 9. h3 Bh5 10. d5 exd5 11. Bxb6 axb6 12. cxd5 Nb4 13. Qb3 dxe5 14. Nxe5 Bxe2
15. d6 Bh5 16. Qxb4 Bxd6 17. Qb5+ c6 18. Nxc6 Qd7 19. Nd4 Bc5 20. Qxd7+ Kxd7
21. N4f3 Rhe8+ 22. Kf1 Re7 23. g4 Bg6 24. Kg2 Re2 25. Rhf1 f6 26. Nc4 b5 27.
Ncd2 Bf7 28. a3 Bd5 29. Rad1 Kc6 30. b4 Bb6 31. Rc1+ Kd6 32. Nb1 Bd4 33. Nc3
Bxc3 34. Rxc3 Bc6 35. Rd1+ Kc7 36. Kg3 Ra2 37. Nd4 Kb6 38. Rdd3 Re8 39. Re3 Rd8
40. Ne6 Rdd2 41. Nxg7 Rxf2 42. Kh4 Rad2 43. Kh5 Rd6 44. Nf5 Rd7 45. Re6 Ka7 46.
Rxf6 Rh2 47. h4 Be4 48. Nd6 Bc6 49. Nc8+ Kb8 50. Nd6 Rd8 51. Rd3 Re2 52. Rd4
Be8+ 53. Kg5 Bg6 54. Nxb5 Re5+ 55. Kf4 Rxd4+ 56. Kxe5 Re4+ 57. Kd6 1-0

[Event "SR 3. liga A2 2012/2013"]
[Site "?"]
[Date "2012.10.21"]
[Round "2.1"]
[White "Hornak, Pavol"]
[Black "Sadlon, Matus"]
[Result "1/2-1/2"]
[WhiteElo "1753"]
[BlackElo "1596"]
[PlyCount "116"]
[EventDate "2012.??.??"]

1. d4 Nf6 2. c4 g6 3. Nc3 Bg7 4. e4 d6 5. h3 Nbd7 6. Bg5 O-O 7. Bd3 c5 8. d5
Ne5 9. Nge2 Qa5 10. O-O Nxd3 11. Qxd3 Bd7 12. f4 Rae8 13. g4 Qc7 14. Rad1 h6
15. Bh4 Nh7 16. Bf2 a6 17. Be3 Rd8 18. Qd2 f5 19. exf5 gxf5 20. g5 b5 21. cxb5
axb5 22. a3 Qa5 23. h4 b4 24. axb4 Qxb4 25. gxh6 Bxh6 26. Qc2 Kh8 27. Kh2 Nf6
28. Bd2 Qb8 29. Ng3 Qc8 30. Rde1 Rf7 31. Nd1 Nxd5 32. Qc4 e6 33. Ne3 Bc6 34.
Rc1 Nxe3 35. Bxe3 Bd5 36. Qe2 Rh7 37. Rfd1 Qc6 38. Qd2 Rf8 39. b4 Bg7 40. h5
Bf3 41. Qxd6 Qxd6 42. Rxd6 cxb4 43. Rb1 Bc3 44. Bd4+ Bxd4 45. Rxd4 Rg8 46.
Rdxb4 Bxh5 47. Kg2 Rhg7 48. R4b3 Be2 49. Rc3 Bg4 50. Re1 Re7 51. Rce3 Rge8 52.
Ne2 Kg7 53. Nd4 Kf6 54. Nc6 Rh7 55. Nd4 Rhe7 56. Nc6 Rh7 57. Nd4 Rhe7 58. Nc6
Rh7 1/2-1/2

[Event "SR 3. liga A2 2012/2013"]
[Site "?"]
[Date "2012.10.21"]
[Round "2.2"]
[White "Horak, Ivan"]
[Black "Bincik, Pavol"]
[Result "1/2-1/2"]
[WhiteElo "2094"]
[BlackElo "1937"]
[PlyCount "157"]
[EventDate "2012.??.??"]

1. e4 c6 2. d4 d5 3. Nd2 dxe4 4. Nxe4 Bf5 5. Ng3 Bg6 6. Nf3 Nd7 7. h4 h6 8. h5
Bh7 9. Bd3 Bxd3 10. Qxd3 Qc7 11. Bd2 e6 12. O-O-O Ngf6 13. c4 O-O-O 14. Bc3 Bd6
15. Ne4 Nxe4 16. Qxe4 Nf6 17. Qe2 Rhe8 18. Ne5 c5 19. Nf3 cxd4 20. Nxd4 a6 21.
Kc2 Qc5 22. f3 Nxh5 23. b4 Qg5 24. c5 Bc7 25. c6 Ng3 26. Qc4 Qd5 27. cxb7+ Kxb7
28. Qxd5+ Rxd5 29. Rhe1 Be5 30. Nxe6 Bxc3 31. Nc5+ Rxc5 32. Rxe8 Bxb4+ 33. Kb3
a5 34. Re7+ Rc7 35. Rxc7+ Kxc7 36. a3 Bd6 37. Rd5 a4+ 38. Kxa4 Ne2 39. Rd2 Nf4
40. Ra2 Nd5 41. Rc2+ Kb6 42. Kb3 Ne3 43. Rd2 Bxa3 44. Rd7 Bc5 45. g4 Kc6 46.
Rxf7 Bd4 47. Re7 Kd5 48. Re8 Be5 49. Rd8+ Ke6 50. Rd3 Ng2 51. Kc4 Kf6 52. Ra3
Kg5 53. Kd5 Bf6 54. Ke4 Nh4 55. Ra5+ Kg6 56. f4 Ng2 57. Rh5 Ne1 58. f5+ Kf7 59.
Rh1 Ng2 60. Rc1 Ke7 61. Rc6 Kd7 62. Re6 Bg5 63. Kf3 Nf4 64. Ra6 Ke7 65. Ke4 Nh3
66. Ke5 Bf6+ 67. Ke4 Kd7 68. Ra7+ Kd6 69. Ra6+ Kd7 70. Kd5 Nf4+ 71. Ke4 Nh3 72.
Rb6 Kc7 73. Ra6 Kd7 74. Ra3 Ng5+ 75. Kd5 Be7 76. Ra6 Ke8 77. Ke5 Kf7 78. Kf4
Nh3+ 79. Kg3 1/2-1/2

[Event "SR 3. liga A2 2012/2013"]
[Site "?"]
[Date "2012.10.21"]
[Round "2.2"]
[White "Nemsak, Denis"]
[Black "Sefcik, Marek"]
[Result "1/2-1/2"]
[WhiteElo "1873"]
[BlackElo "2021"]
[PlyCount "88"]
[EventDate "2012.??.??"]

1. c4 f5 2. d4 Nf6 3. Nc3 e6 4. g3 d5 5. Bg2 c6 6. Nf3 Bd6 7. O-O O-O 8. c5 Bc7
9. b4 Ne4 10. Qb3 a5 11. bxa5 Nd7 12. Ne1 Nxc3 13. Qxc3 e5 14. Bb2 exd4 15. Qc2
Qe7 16. Bxd4 Rxa5 17. Rc1 f4 18. Nf3 fxg3 19. hxg3 Re8 20. e3 Ne5 21. Nh4 Qf7
22. e4 dxe4 23. Bxe4 g6 24. a4 Qe6 25. Rce1 Qg4 26. Bxe5 Rxe5 27. Bf3 Qe6 28.
Rxe5 Bxe5 29. Qd2 Rxc5 30. Qd8+ Kg7 31. Re1 Bd7 32. Bg2 Qd6 33. Nf3 Bf6 34. Qb6
Rc2 35. Qxb7 Kh6 36. Qb3 Rb2 37. Qe3+ Kg7 38. Ng5 Bd4 39. Qe7+ Qxe7 40. Rxe7+
Kf6 41. Rxd7 Bxf2+ 42. Kf1 Kxg5 43. Bxc6 Bxg3 44. Rxh7 Ra2 1/2-1/2

[Event "SR 3. liga A2 2012/2013"]
[Site "?"]
[Date "2012.10.21"]
[Round "2.2"]
[White "Kovarik, Oto"]
[Black "Slaby, Jozef"]
[Result "1-0"]
[WhiteElo "1979"]
[BlackElo "1890"]
[PlyCount "107"]
[EventDate "2012.??.??"]

1. e4 c6 2. d4 d5 3. Nc3 dxe4 4. Nxe4 Bf5 5. Ng3 Bg6 6. Nf3 Nd7 7. Bd3 Ngf6 8.
O-O Qc7 9. h3 e6 10. Re1 O-O-O 11. c3 Bd6 12. Ne4 Nxe4 13. Bxe4 Nf6 14. Bd3 Nd5
15. Qc2 Rde8 16. Ne5 Bxd3 17. Nxd3 f6 18. c4 Nb4 19. Nxb4 Bxb4 20. Re2 Bd6 21.
Bd2 c5 22. dxc5 Bxc5 23. b4 Bd4 24. Rd1 Be5 25. Bc3 Bxc3 26. Qxc3 e5 27. Rd5
Kb8 28. c5 Rd8 29. Red2 Rxd5 30. Rxd5 Rd8 31. Qd3 Rxd5 32. Qxd5 b6 33. a4 bxc5
34. bxc5 h6 35. Qg8+ Kb7 36. Qb3+ Kc8 37. Qb5 Qe7 38. a5 e4 39. Kf1 Qd7 40.
Qa6+ Kb8 41. Ke2 Qb7 42. Qd6+ Qc7 43. Ke3 f5 44. Kf4 g6 45. g4 fxg4 46. hxg4
Kc8 47. Qxc7+ Kxc7 48. Kxe4 Kc6 49. f4 Kxc5 50. Ke5 h5 51. gxh5 gxh5 52. f5 h4
53. f6 h3 54. f7 1-0

[Event "SR 3. liga A2 2012/2013"]
[Site "?"]
[Date "2012.10.21"]
[Round "2.2"]
[White "Curidlo, Jan"]
[Black "Husek, Lubomir"]
[Result "1-0"]
[WhiteElo "1880"]
[BlackElo "1809"]
[PlyCount "97"]
[EventDate "2012.??.??"]

1. e4 c5 2. Nf3 Nc6 3. d4 cxd4 4. Nxd4 Nf6 5. Nc3 e5 6. Ndb5 d6 7. Bg5 a6 8.
Na3 b5 9. Nd5 Be7 10. Nxe7 Nxe7 11. Bd3 O-O 12. c3 Qc7 13. O-O Be6 14. Bxf6
gxf6 15. Qf3 Kg7 16. Nc2 Ng6 17. g3 Qe7 18. Ne3 Rg8 19. Kh1 Kh8 20. a4 Rab8 21.
axb5 axb5 22. b4 Rgc8 23. Ra3 Kg7 24. Rfa1 Qc7 25. Kg1 Nf8 26. h4 Nd7 27. Qh5
Nf8 28. f4 Qb6 29. Qe2 exf4 30. gxf4 Nd7 31. Kh2 Kh8 32. f5 Bc4 33. Bxc4 bxc4
34. Ra6 Qb7 35. Nd5 Re8 36. R1a5 Ra8 37. Rxa8 Rxa8 38. Rxa8+ Qxa8 39. Qxc4 Ne5
40. Qe2 Qf8 41. Qg2 Qh6 42. Kh3 Nd3 43. Qg3 Ne5 44. b5 Qf8 45. Nxf6 Qc8 46. Nd5
Qc4 47. f6 Qf1+ 48. Qg2 Qf5+ 49. exf5 1-0

[Event "SR 3. liga A2 2012/2013"]
[Site "?"]
[Date "2012.10.21"]
[Round "2.2"]
[White "Hrubos, Milan"]
[Black "Orvisky, Vladimir"]
[Result "1/2-1/2"]
[WhiteElo "1786"]
[BlackElo "1838"]
[PlyCount "93"]
[EventDate "2012.??.??"]

1. e4 Nf6 2. e5 Nd5 3. c4 Nb6 4. d4 d6 5. exd6 exd6 6. Nc3 Be7 7. Be3 Nc6 8.
Bd3 Bf6 9. Nge2 O-O 10. a3 Re8 11. O-O d5 12. cxd5 Nxd5 13. Nxd5 Qxd5 14. Qc2
g6 15. Nc3 Qd8 16. d5 Nd4 17. Qd1 Nf5 18. Bxf5 Bxf5 19. Rc1 Qd7 20. Qd2 a6 21.
Rfd1 Rad8 22. f3 Qe7 23. Bf4 Be5 24. Bxe5 Qxe5 25. Re1 Qd6 26. Rxe8+ Rxe8 27.
Qf2 b6 28. b4 Re7 29. g4 Bc8 30. Rd1 Bb7 31. Rd3 Qf4 32. Kg2 Qc4 33. Qd4 Qxd4
34. Rxd4 Re3 35. Rc4 Re7 36. Kf2 Rd7 37. Rd4 c5 38. bxc5 bxc5 39. Rd2 Kf8 40.
Ne4 Rxd5 41. Rxd5 Bxd5 42. Nxc5 Bc4 43. g5 Kg7 44. Ke3 h6 45. h4 hxg5 46. hxg5
f6 47. f4 1/2-1/2

[Event "SR 3. liga A2 2012/2013"]
[Site "?"]
[Date "2012.10.21"]
[Round "2.2"]
[White "Gubis, Vladimir"]
[Black "Holly, Milan"]
[Result "0-1"]
[WhiteElo "1834"]
[BlackElo "1837"]
[PlyCount "46"]
[EventDate "2012.??.??"]

1. e4 b6 2. c4 e6 3. Nc3 Bb7 4. Nf3 Be7 5. Be2 Nf6 6. e5 Ne4 7. Nxe4 Bxe4 8.
O-O O-O 9. d4 d5 10. cxd5 Bxd5 11. Be3 Nd7 12. Qd2 c5 13. Rfd1 cxd4 14. Bxd4
Rc8 15. b4 Qc7 16. Ba6 Rcd8 17. Rac1 Qb8 18. a3 Bxf3 19. gxf3 Nxe5 20. Qe3 Ng6
21. Qe4 Qf4 22. Qxf4 Nxf4 23. Rc7 Bf6 0-1

[Event "SR 3. liga A2 2012/2013"]
[Site "?"]
[Date "2012.10.21"]
[Round "2.2"]
[White "Pivacek, Jozef"]
[Black "Nedorost, Lubomir"]
[Result "0-1"]
[WhiteElo "1000"]
[BlackElo "1687"]
[PlyCount "136"]
[EventDate "2012.??.??"]

1. e4 c5 2. Nc3 Nc6 3. g3 g6 4. Bg2 d6 5. f4 Bg7 6. d3 Nf6 7. h3 a6 8. Nf3 Rb8
9. Rb1 O-O 10. O-O Nh5 11. Ne2 Be6 12. b3 Qc8 13. Ng5 Bd7 14. Kh2 Nd4 15. Nxd4
Bxd4 16. Bb2 Bxb2 17. Rxb2 Bc6 18. c4 b5 19. Rbf2 h6 20. Nf3 bxc4 21. bxc4 Ng7
22. g4 Qc7 23. Kh1 Rb6 24. f5 Rfb8 25. fxg6 fxg6 26. Nh4 Kh7 27. Rf7 Be8 28.
R7f2 Rb1 29. Qd2 R8b2 30. Qxb2 Rxb2 31. Rxb2 e5 32. Rfb1 Bc6 33. Rf2 Qe7 34.
Nf3 Qf6 35. Rbf1 Be8 36. h4 Qe6 37. Bh3 Nh5 38. Nh2 Ng3+ 39. Kg2 Nxf1 40. Rxf1
Qd7 41. g5 Qa4 42. Rf2 h5 43. Nf1 Qa3 44. Rd2 Qc3 45. Kf3 Ba4 46. Ke2 Bc2 47.
Ne3 Bb1 48. a4 Qa3 49. Bd7 Ba2 50. Nd5 Bb3 51. Nf6+ Kh8 52. Be8 Kg7 53. Nxh5+
gxh5 54. Bxh5 Bxa4 55. Bg4 Qc1 56. h5 Qh1 57. Bf3 Qh2+ 58. Ke3 Qg1+ 59. Rf2
Qxg5+ 60. Ke2 Kh6 61. Rg2 Qf4 62. Rg6+ Kh7 63. Rxd6 Bd1+ 64. Kxd1 Qxf3+ 65. Kd2
a5 66. Ra6 Qf2+ 67. Kd1 Qa2 68. d4 Qxc4 0-1

[Event "SR 3. liga A2 2012/2013"]
[Site "?"]
[Date "2012.10.21"]
[Round "2.2"]
[White "Sedlak, Rastislav"]
[Black "Sladek, Michal"]
[Result "1-0"]
[WhiteElo "1592"]
[BlackElo "1000"]
[PlyCount "135"]
[EventDate "2012.??.??"]

1. e4 e5 2. Nf3 Nc6 3. Bc4 Bc5 4. O-O d6 5. h3 Qf6 6. Nc3 Nge7 7. d3 h6 8. Re1
O-O 9. Be3 Bxe3 10. Rxe3 a6 11. Nd5 Nxd5 12. Bxd5 Nb4 13. Bb3 Qg6 14. Kh2 Be6
15. c3 Nc6 16. d4 Bd7 17. dxe5 Rad8 18. exd6 cxd6 19. Qe2 Ne5 20. Rd1 Nxf3+ 21.
Qxf3 Be6 22. Bd5 b6 23. Qg3 Qh5 24. Red3 Qe5 25. Qxe5 dxe5 26. Kg3 Rd6 27. Bxe6
Rxe6 28. Rd6 Rfe8 29. b4 Kf8 30. a4 Ke7 31. Rd7+ Kf6 32. Ra7 Rc8 33. Rd3 b5 34.
axb5 axb5 35. Rb7 Rc4 36. f3 Rec6 37. Rdd7 g5 38. Rxf7+ Kg6 39. Rg7+ Kf6 40.
Rh7 Kg6 41. Rhe7 Kf6 42. Red7 Re6 43. Rxb5 Rxc3 44. Rbb7 Rb3 45. Kg4 Re8 46.
Rd6+ Re6 47. Rxe6+ Kxe6 48. Kh5 Rb2 49. g4 Rb3 50. Kxh6 Rxf3 51. Kxg5 Rxh3 52.
Rb6+ Kd7 53. Kf5 Kc7 54. Rg6 Rb3 55. Kxe5 Rxb4 56. g5 Rb5+ 57. Kf6 Rb6+ 58. Kf7
Rxg6 59. Kxg6 Kd6 60. Kf7 Ke5 61. g6 Kxe4 62. g7 Ke5 63. g8=Q Kd6 64. Qg5 Kc6
65. Ke7 Kb6 66. Kd7 Ka6 67. Kc7 Ka7 68. Qa5# 1-0

[Event "SR 3. liga A2 2012/2013"]
[Site "?"]
[Date "2012.10.21"]
[Round "2.3"]
[White "Pribila, Gerhard"]
[Black "Takacs, Laszlo"]
[Result "1-0"]
[WhiteElo "2080"]
[BlackElo "2134"]
[PlyCount "153"]
[EventDate "2012.??.??"]

1. e4 c5 2. c3 d5 3. exd5 Qxd5 4. d4 cxd4 5. cxd4 Nc6 6. Nf3 Nf6 7. Nc3 Qd8 8.
d5 Nb8 9. Be2 g6 10. O-O Bg7 11. Bb5+ Bd7 12. d6 e6 13. Ne5 O-O 14. Nxd7 Nbxd7
15. Bg5 a6 16. Be2 h6 17. Bf4 $11 Re8 18. Qd2 Kh7 19. Rfe1 e5 20. Bg3 b5 21.
Bf3 Rc8 22. Bb7 Rb8 23. Bc6 Qb6 24. Bf3 Re6 25. Rad1 Ne8 26. Bd5 Rxd6 27. Ne4
f6 28. Nxd6 Qxd6 29. Bf7 Qxd2 30. Rxd2 Nb6 31. b3 Bf8 32. Bxe8 Bb4 33. Red1
Bxd2 34. Rxd2 Rxe8 35. Rd6 Nc8 36. Rxf6 Rd8 37. h3 Rd6 38. Rf8 Rc6 39. Bxe5 g5
40. g4 Nb6 41. Rd8 Re6 42. Bd4 Kg6 43. Kg2 Kf7 44. Kg3 Ke7 45. Bxb6 Rxb6 46.
Rh8 Rf6 47. Ra8 Kf7 48. Ra7+ Kg6 49. h4 Rd6 50. f3 Kf6 51. a4 bxa4 52. bxa4 Ke5
53. hxg5 hxg5 54. Rf7 Rg6 55. a5 Ke6 56. Rf5 Ke7 57. f4 gxf4+ 58. Kxf4 Rc6 59.
Kg5 Rc1 60. Kh6 Rh1+ 61. Kg6 Ra1 62. g5 Ra2 63. Kg7 Ra1 64. g6 Ra2 65. Re5+ Kd6
66. Rh5 Ke6 67. Kh7 Rg2 68. g7 Kf7 69. Rf5+ Ke6 70. Rf3 Rh2+ 71. Kg8 Ke7 72.
Re3+ Kd7 73. Re4 Kc6 74. Kf7 Rf2+ 75. Kg6 Rg2+ 76. Kf6 Rg1 77. Re5 1-0

[Event "SR 3. liga A2 2012/2013"]
[Site "?"]
[Date "2012.10.21"]
[Round "2.3"]
[White "Darazs, Zoltan"]
[Black "Kocak, Branislav"]
[Result "1-0"]
[WhiteElo "2124"]
[BlackElo "1891"]
[PlyCount "73"]
[EventDate "2012.??.??"]

1. e4 c5 2. Nf3 a6 3. c3 d5 4. exd5 Qxd5 5. d4 Nf6 6. Be2 e6 7. O-O Nc6 8. Re1
Be7 9. Be3 cxd4 10. cxd4 O-O 11. Nc3 Qd8 12. Ne5 Nb4 13. Bf3 Nbd5 14. Bg5 h6
15. Bh4 Re8 16. Qb3 Nxc3 17. bxc3 Qc7 18. Bg3 Bd6 19. c4 Qe7 20. Rab1 Rb8 21.
Qa4 g5 22. Ng4 Rd8 23. Bxd6 Rxd6 24. c5 Rd8 25. Nxh6+ Kf8 26. Nf5 Qd7 27. c6
Qc7 28. Qa3+ Kg8 29. Qe7 Ne8 30. Qxg5+ Kf8 31. Qh6+ Kg8 32. Re4 exf5 33. Rh4 f6
34. Qh8+ Kf7 35. Rh7+ Ke6 36. Re1+ Kd6 37. Qf8+ 1-0

[Event "SR 3. liga A2 2012/2013"]
[Site "?"]
[Date "2012.10.21"]
[Round "2.3"]
[White "Brunovsky, Peter"]
[Black "Marosi, Csaba"]
[Result "1/2-1/2"]
[WhiteElo "1816"]
[BlackElo "1949"]
[PlyCount "74"]
[EventDate "2012.??.??"]

1. e4 c5 2. Nf3 e6 3. d4 cxd4 4. Nxd4 Qb6 5. Nb3 Qc7 6. Nc3 a6 7. g3 b5 8. Bg2
Bb7 9. O-O d6 10. Be3 Nd7 11. f4 Ngf6 12. a3 Be7 13. Qe2 O-O 14. Bf3 Rac8 15.
Rad1 Nb6 16. Na5 Ba8 17. Nb3 Nc4 18. Bc1 Nxa3 19. Nd4 Nc4 20. g4 Nd7 21. g5
Rfe8 22. h4 Bf8 23. Nb3 Ncb6 24. Rd2 g6 25. h5 Bg7 26. Nd1 Nc4 27. Rd3 Nc5 28.
Nxc5 Qxc5+ 29. Kh2 d5 30. e5 d4 31. Bxa8 Rxa8 32. Nf2 Red8 33. Ne4 Qc6 34. b3
Nb6 35. hxg6 fxg6 36. Rfd1 Rac8 37. R1d2 Rf8 1/2-1/2

[Event "SR 3. liga A2 2012/2013"]
[Site "?"]
[Date "2012.10.21"]
[Round "2.3"]
[White "Meszaros, Lorant"]
[Black "Valla, Tomas"]
[Result "1-0"]
[WhiteElo "2048"]
[BlackElo "1813"]
[PlyCount "89"]
[EventDate "2012.??.??"]

1. d4 Nf6 2. c4 c5 3. d5 e6 4. Nc3 exd5 5. cxd5 d6 6. g3 g6 7. Bg2 Bg7 8. Nf3
O-O 9. O-O Re8 10. Nd2 a6 11. a4 Nbd7 12. a5 Ne5 13. f4 Neg4 14. Nc4 Nh5 15.
Ne4 Bf8 16. Nc3 f5 17. Nb6 Rb8 18. e4 Nh6 19. Nxc8 Qxc8 20. Bh3 Ng7 21. e5 b5
22. axb6 Rxb6 23. e6 Qb7 24. Re1 Be7 25. Bf1 Bf6 26. h3 Ra8 27. Bc4 Bd4+ 28.
Kh2 Ne8 29. Qd3 Nc7 30. Ra5 Kg7 31. b3 Ng8 32. Be3 Bxe3 33. Qxe3 Ne7 34. Rd1
Re8 35. Qd3 Qb8 36. Na4 Rb4 37. Nxc5 Qb6 38. Qc3+ Kg8 39. Nd3 Qxa5 40. Qxb4
Qa2+ 41. Rd2 a5 42. Rxa2 axb4 43. Nxb4 Kg7 44. Ra7 Rc8 45. Ba6 1-0

[Event "SR 3. liga A2 2012/2013"]
[Site "?"]
[Date "2012.10.21"]
[Round "2.3"]
[White "Kastler, Peter"]
[Black "Kalmar, Tamas"]
[Result "0-1"]
[WhiteElo "1714"]
[BlackElo "1920"]
[PlyCount "70"]
[EventDate "2012.??.??"]

1. d4 Nf6 2. c4 g6 3. Nc3 Bg7 4. Nf3 d6 5. Bg5 Nbd7 6. e3 O-O 7. Bd3 e5 8. dxe5
dxe5 9. Ne4 Qe7 10. O-O h6 11. Bxf6 Nxf6 12. Qc2 Nxe4 13. Bxe4 c6 14. Bd3 Rd8
15. Rad1 Be6 16. b3 f5 17. Be2 Bf6 18. g3 Kg7 19. Rfe1 g5 20. Nd2 e4 21. c5 g4
22. b4 h5 23. Bc4 h4 24. Bxe6 Qxe6 25. Nc4 hxg3 26. hxg3 Kg6 27. Na5 Qf7 28.
Nb3 Qh7 29. Nd4 Bxd4 30. Rxd4 Rxd4 31. exd4 Rh8 32. Kf1 Qh1+ 33. Ke2 Qf3+ 34.
Kd2 Qxf2+ 35. Re2 Qxd4+ 0-1

[Event "SR 3. liga A2 2012/2013"]
[Site "?"]
[Date "2012.10.21"]
[Round "2.3"]
[White "Szitasi, Janos"]
[Black "Zajicek, Ferdinand"]
[Result "1-0"]
[WhiteElo "1963"]
[BlackElo "1830"]
[PlyCount "108"]
[EventDate "2012.??.??"]

1. e4 c5 2. Nf3 d6 3. d4 cxd4 4. Nxd4 g6 5. Bc4 Nf6 6. Nc3 Bg7 7. O-O O-O 8. h3
Nc6 9. Be3 Na5 10. Be2 Bd7 11. Nb3 Nc6 12. Qd2 Qc8 13. Bh6 Be6 14. Bxg7 Kxg7
15. f4 Rd8 16. Bd3 Qc7 17. Rae1 a6 18. f5 Bxb3 19. axb3 Ne5 20. g4 Qc5+ 21. Kh1
Re8 22. Kg2 Qd4 23. g5 Nfd7 24. Nd5 Rac8 25. f6+ Kf8 26. fxe7+ Rxe7 27. Nxe7
Kxe7 28. Rf2 b5 29. Re3 Qxb2 30. Qd1 Qd4 31. Re1 Nc5 32. Qa1 Qxa1 33. Rxa1
Ncxd3 34. cxd3 Nxd3 35. Rd2 Nc5 36. Rc2 Ra8 37. e5 Nxb3 38. exd6+ Kxd6 39. Rd1+
Ke5 40. Re2+ Kf4 41. Rd3 Na5 42. h4 Kg4 43. Re4+ Kh5 44. Rd7 Rf8 45. Ra7 Nb3
46. Kg3 Nc5 47. Re5 Ne6 48. Rxe6 Rc8 49. Rxf7 Rc3+ 50. Kf4 Rc4+ 51. Re4 Rxe4+
52. Kxe4 Kxh4 53. Kf4 Kh3 54. Rxh7+ Kg2 1-0

[Event "SR 3. liga A2 2012/2013"]
[Site "?"]
[Date "2012.10.21"]
[Round "2.3"]
[White "Papanek, Lubomir"]
[Black "Mezei, Tibor"]
[Result "1/2-1/2"]
[WhiteElo "1590"]
[BlackElo "1811"]
[PlyCount "149"]
[EventDate "2012.??.??"]

1. d4 d5 2. c4 e6 3. Nf3 Nf6 4. Nc3 h6 5. e3 c6 6. Bd3 Bd7 7. O-O Qc7 8. h3
dxc4 9. Bxc4 Bd6 10. Bd2 O-O 11. Re1 Re8 12. e4 e5 13. d5 cxd5 14. Bxd5 Bc6 15.
Bxc6 bxc6 16. Rc1 Nbd7 17. Nb5 Qb8 18. Nxd6 Qxd6 19. Qc2 Rec8 20. Rcd1 Qe6 21.
b3 Ne8 22. Nh4 Nd6 23. f4 Nb5 24. Nf5 Nd4 25. Nxd4 exd4 26. e5 Nb6 27. f5 Qd5
28. Qd3 Nd7 29. Qg3 Kh7 30. Bf4 c5 31. Qd3 Re8 32. g4 Nxe5 33. Bxe5 Rxe5 34.
Re2 Rae8 35. Rde1 f6 36. h4 R8e7 37. g5 Rxe2 38. g6+ Kg8 39. Rxe2 Rxe2 40. Qxe2
Qd7 41. Qc4+ Kh8 42. Qxc5 Qd8 43. Kf2 d3 44. Qc1 Qd4+ 45. Qe3 Qxh4+ 46. Kf3
Qh3+ 47. Ke4 Qg4+ 48. Kxd3 Qxf5+ 49. Qe4 Qxe4+ 50. Kxe4 Kg8 51. Kf5 Kf8 52. Ke6
Ke8 53. b4 h5 54. Kf5 Kd7 55. a4 Kd6 56. Ke4 h4 57. Kf4 Kd5 58. Kg4 h3 59. Kxh3
Kc4 60. Kg4 Kxb4 61. Kf5 Kxa4 62. Ke6 a5 63. Kf7 f5 64. Kxg7 f4 65. Kh7 f3 66.
g7 f2 67. g8=Q f1=Q 68. Qa2+ Kb5 69. Qb3+ Kc5 70. Qa3+ Kb6 71. Qd6+ Kb5 72.
Qd5+ Kb4 73. Qd2+ Ka4 74. Qa2+ Kb5 75. Qd5+ 1/2-1/2

[Event "SR 3. liga A2 2012/2013"]
[Site "?"]
[Date "2012.10.21"]
[Round "2.3"]
[White "Lelkes, Bela"]
[Black "Kanka, Tomas"]
[Result "1-0"]
[WhiteElo "1743"]
[BlackElo "1435"]
[PlyCount "109"]
[EventDate "2012.??.??"]

1. e4 e6 2. d4 d5 3. e5 c5 4. c3 Nc6 5. Be3 cxd4 6. cxd4 Bb4+ 7. Nc3 Nge7 8.
Bd3 Qc7 9. f4 Bd7 10. Nge2 O-O 11. O-O a6 12. Rc1 f6 13. exf6 Rxf6 14. Ng3 Bxc3
15. Rxc3 Nf5 16. Nxf5 exf5 17. Qf3 Be6 18. a3 Raf8 19. b4 Qd7 20. Rfc1 Rh6 21.
b5 axb5 22. Bxb5 Bf7 23. Qf2 Be8 24. Rc5 Rff6 25. Ba4 Rfg6 26. Qf3 Bf7 27. Bb3
Rd6 28. a4 Bh5 29. Qf2 Bf7 30. g3 Qe7 31. Re1 Qd7 32. Qg2 Rhg6 33. a5 h5 34. h4
Rxg3 35. Qxg3 Rg6 36. Kf2 Rxg3 37. Kxg3 Qe6 38. Bxd5 Qg6+ 39. Kf2 Nb4 40. Bxf7+
Qxf7 41. Rc8+ Kh7 42. Ke2 Qa2+ 43. Kf3 Qxa5 44. Rc5 Qa8 45. Rxf5 g6 46. Rg5 b5+
47. Ke2 Qa2+ 48. Kf3 Nd3 49. Reg1 b4 50. Rxg6 Ne1+ 51. Ke4 Qa8+ 52. d5 Qe8+ 53.
Re6 Qb5 54. Re7+ Kh8 55. Bd4# 1-0

[Event "SR 3. liga A2 2012/2013"]
[Site "?"]
[Date "2012.10.21"]
[Round "2.4"]
[White "Sturdik, Igor"]
[Black "Puskar, Peter"]
[Result "1-0"]
[WhiteElo "2027"]
[BlackElo "2004"]
[PlyCount "83"]
[EventDate "2012.??.??"]

1. e4 c5 2. Nf3 d6 3. d4 cxd4 4. Nxd4 Nf6 5. Nc3 a6 6. Bg5 e6 7. f4 Be7 8. Qf3
Qc7 9. O-O-O Nbd7 10. Bd3 h6 11. Bh4 g5 12. fxg5 Ne5 13. Qe2 Nfg4 14. Nf3 Nxf3
15. gxf3 hxg5 16. Bg3 Ne5 17. f4 gxf4 18. Bxf4 Ng6 19. Bg3 Bd7 20. Rdf1 Bc6 21.
Qf2 Rf8 22. Qe2 O-O-O 23. h4 Ne5 24. Rh2 Rg8 25. Bxe5 dxe5 26. Kb1 Rg7 27. h5
Bg5 28. Nd1 Rh8 29. Nf2 Qe7 30. Nh3 Rgh7 31. Nxg5 Qxg5 32. a3 Kb8 33. Rhf2 Be8
34. Bxa6 bxa6 35. Qxa6 Qd8 36. Rf3 Ba4 37. Qxa4 f5 38. exf5 exf5 39. Qb5+ Rb7
40. Qxe5+ Ka8 41. Rxf5 Qc8 42. Qxh8 1-0